00481 2200169 4500001002100000008004100021035002000062245008100082100001700163260004300180300001300223020002200236084001400258082000800272650001200280990001900292INLIS000000000003542 ind  a0010-0824000041 aSejarah Indonesiab5 Sejarah Indonesia pada Awal Masa KolonialcTIM BSD MIPA aTIM BSD MIPA aJakarta :bBina Sumber Daya Mipac2014 a110 hlm. a978-979-050-019-8 a959 TIM s a959 aSejarah aP29/CP/24/3541